Platobné karty a ich význam v činnosti komerčných bánk diplomová práca

Salvato in:
Dettagli Bibliografici
Autore principale: Poradová, Miroslava
Ente Autore: Podnikovohospodárska fakulta EU so sídlom v Košiciach. Katedra ekonómie
Altri autori: Bačová, Monika
Natura: Libro
Lingua:slovacco
Pubblicazione: Košice 2010
Tags: Aggiungi Tag
Nessun Tag, puoi essere il primo ad aggiungerne!!

MARC

LEADER 00000nam$a2200000$$$4500
001 0123529
005 20240827092731.8
041 0 |a slo 
044 |a SK 
245 1 0 |a Platobné karty a ich význam v činnosti komerčných bánk  |b diplomová práca  |c Miroslava Poradová ; škol. Monika Bačová 
264 1 |a Košice  |c 2010 
300 |a 69 s. 
100 1 |a Poradová, Miroslava 
700 1 |a Bačová, Monika 
710 2 |a Podnikovohospodárska fakulta EU so sídlom v Košiciach. Katedra ekonómie